Interface : (Record no. 9923)

MARC details
000 -LEADER
fixed length control field 00626cam a2200217ua 4500
005 - DATE AND TIME OF LATEST TRANSACTION
control field 20260515114709.0
008 - FIXED-LENGTH DATA ELEMENTS--GENERAL INFORMATION
fixed length control field 190801n ii |||gr||||Z||||||eng
020 ## - INTERNATIONAL STANDARD BOOK NUMBER
International Standard Book Number 9789382267256
040 ## - CATALOGING SOURCE
Transcribing agency MAIN
Original cataloging agency IN-DiNC
082 ## - DEWEY DECIMAL CLASSIFICATION NUMBER
Classification number 425
Item number HAZ
100 ## - MAIN ENTRY--PERSONAL NAME
Personal name Hazarika, Breez Mohan
Relator term author
245 ## - TITLE STATEMENT
Title Interface :
Remainder of title a text book on AECC english communication /
Statement of responsibility, etc. By Breez Mohan Hazarika .
260 ## - PUBLICATION, DISTRIBUTION, ETC.
Place of publication, distribution, etc. Delhi:
Name of publisher, distributor, etc. Worldview,
Date of publication, distribution, etc. 2019.
300 ## - PHYSICAL DESCRIPTION
Extent 147p.
653 ## - INDEX TERM--UNCONTROLLED
Uncontrolled term Social interaction
653 ## - INDEX TERM--UNCONTROLLED
Uncontrolled term English communication
700 ## - ADDED ENTRY--PERSONAL NAME
Personal name Pranami Bania,
700 ## - ADDED ENTRY--PERSONAL NAME
Personal name Kironmoy Chetia,
700 ## - ADDED ENTRY--PERSONAL NAME
Personal name Shikha Kothiyal,
942 ## - ADDED ENTRY ELEMENTS (KOHA)
Koha item type Books
Source of classification or shelving scheme Dewey Decimal Classification
Holdings
Withdrawn status Lost status Damaged status Not for loan Home library Current library Shelving location Date acquired Total checkouts Full call number Barcode Date last seen Date last checked out Copy number Price effective from Koha item type
        Naharkatiya College Library Naharkatiya College Library General stacks 09/19/2020 14 302.2English text book | HAZ 28029 06/29/2024 04/09/2024 1 09/19/2020 Books
        Naharkatiya College Library Naharkatiya College Library General stacks 09/19/2020 15 302.2English text book | HAZ 28030 09/19/2025 09/04/2025 2 09/19/2020 Books
        Naharkatiya College Library Naharkatiya College Library General stacks 09/19/2020 18 302.2English text book | HAZ 28031 11/18/2022 11/01/2022 3 09/19/2020 Books
        Naharkatiya College Library Naharkatiya College Library General stacks 09/19/2020 7 302.2English text book | HAZ 28032 06/08/2024 03/05/2024 4 09/19/2020 Books
        Naharkatiya College Library Naharkatiya College Library General stacks 09/19/2020 27 302.2English text book | HAZ 28033 03/17/2026 02/20/2026 5 09/19/2020 Books
        Naharkatiya College Library Naharkatiya College Library General stacks 09/19/2020 21 302.2English text book | HAZ 28034 06/10/2025 05/07/2025 6 09/19/2020 Books
        Naharkatiya College Library Naharkatiya College Library General stacks 09/19/2020 11 302.2English text book | HAZ 28035 08/18/2021 04/22/2021 7 09/19/2020 Books
        Naharkatiya College Library Naharkatiya College Library General stacks 09/19/2020 10 302.2English text book | HAZ 28036 05/31/2025 05/08/2025 8 09/19/2020 Books
        Naharkatiya College Library Naharkatiya College Library General stacks 09/19/2020 17 302.2English text book | HAZ 28037 06/08/2024 05/03/2024 9 09/19/2020 Books
        Naharkatiya College Library Naharkatiya College Library General stacks 09/19/2020 18 302.2English text book | HAZ 28038 06/08/2024 06/06/2024 10 09/19/2020 Books
        Naharkatiya College Library Naharkatiya College Library General stacks 09/19/2020 23 302.2English text book | HAZ 28039 06/29/2024 04/09/2024 11 09/19/2020 Books
        Naharkatiya College Library Naharkatiya College Library General stacks 09/19/2020 17 302.2English text book | HAZ 28040 06/08/2024 06/04/2024 12 09/19/2020 Books
        Naharkatiya College Library Naharkatiya College Library General stacks 09/19/2020   302.2English text book | HAZ 28041 09/19/2020   13 09/19/2020 Books
        Naharkatiya College Library Naharkatiya College Library General stacks 09/19/2020   302.2English text book | HAZ 28042 01/21/2021   14 09/19/2020 Books
        Naharkatiya College Library Naharkatiya College Library General stacks 09/19/2020 24 302.2English text book | HAZ 28043 03/07/2024 02/27/2024 15 09/19/2020 Books